| 000 | 01136 a2200241 4500 | ||
|---|---|---|---|
| 001 | 41108 | ||
| 005 | 20260407155705.0 | ||
| 008 | 260407a2005 arg spa d | ||
| 003 | AR-UNSa-BCEJYS | ||
| 040 |
_aAR-UNSa-BCEJYS _bspa _cAR-UNSa-BCEJYS |
||
| 080 |
_a347.7 _xDerecho Mercantil. Derecho Comercial |
||
| 245 | 1 | 0 | _aIniciación en el estudio del derecho mercantil y de la empresa |
| 020 | _a950-894-496-X | ||
| 250 | _a2a. ed. | ||
| 264 | 1 |
_aBuenos Aires : _bAD-HOC _c2005 |
|
| 300 |
_a339 p. _c23 cm. |
||
| 505 | _a1. Introducción al estudio del derecho mercantil - 2. El derecho mercantil argentino - 3. Fuentes del derecho mercantil - 4. El comerciante - 5. Obligaciones comunes a los comerciantes - 6. Agentes auxiliares del comercio - 7. El registro público de comercio - 8. Actos de comercio - 9. La empresa en la nueva dogmática jurídica - 10. Prescripción y caducidad en materia mercantil | ||
| 041 | _aspa | ||
| 942 | _cBK | ||
| 590 | _aniveau_biblio:m niveau_hierar:0 | ||
| 100 | 1 | _aVítolo, Daniel Roque | |
| 856 | 4 | 1 |
_uhttps://biblioeco.unsa.edu.ar/pmb/images/libros/L126367.jpg _yImagen de portada _qimage/jpeg |
| 999 |
_c3376 _d3376 |
||